000 00369nam a2200145Ia 4500
008 230917s9999||||xx |||||||||||||| ||und||
040 _e35642
_aMAIN
041 _aEnglish
082 _a410 G934L
100 _aGudschinsky, Sarah C
245 0 _aLiterancy: the growing influence of linguistics
260 _aParis
_bMouton
_c1976
300 _av, 80 p.
942 _cBK
999 _c173395
_d173395